000 00799nam a2200241Ia 4500
003 GCL
008 140319s9999 xx 000 0 ara d
020 _a4448119957
040 _aGCL /
_cGCL
082 0 4 _a658.8
_bأ ت
100 1 _aاحمد شاكر العسكرى
245 1 0 _aالتوزيع :
_bمدخل لوجستى دولى /
_cاحمد شاكر العسكرى
700 1 _aخليل ابراهيم الكنعانى
250 _aالولى
260 _aالاردن :
_bدار وائل للنشر ،
_c2004
300 _a380ص ؛
_c27سم
650 0 4 _aالتسويق
650 0 4 _aالعرض والطلب
650 0 4 _aالسماسرة
650 0 4 _aالاستراتيجية التنافسية
650 0 4 _aالتسويق - خدمات المعلومات
942 _2ddc
_cBK
999 _c58314
_d58314